[Event "XII Weekend B"]
[Site "Gorgonzola ITA"]
[Date "2007.11.10"]
[Round "1"]
[White "Fuccio, Sergio"]
[Black "Guerra, Efrain"]
[Result "0-1"]
[WhiteElo "1778"]
[BlackElo "1900"]
[PlyCount "78"]
[EventDate "2007.11.10"]

1. Nf3 d5 2. b3 Nf6 3. Bb2 e6 4. e3 c5 5. c4 g6 6. cxd5 exd5 7. Bb5+ Bd7 8.
Bxd7+ Nbxd7 9. Nc3 Nb6 10. O-O Bg7 11. d4 cxd4 12. Nxd4 O-O 13. Rc1 a6 14. Nde2
Qe7 15. Nf4 Rad8 16. Qd4 Qd6 17. Rfd1 Nh5 18. Qd2 Nxf4 19. exf4 d4 20. Nb1 Rfe8
21. Ba3 Qf6 22. Rc7 Nd5 23. Rxb7 Nxf4 24. Re7 Nh3+ 25. gxh3 Rxe7 26. Bxe7 Qxe7
27. Qd3 Qe6 28. Nc3 Re8 29. Na4 Qe2 30. Nc5 Qxa2 31. Qxa6 Qc2 32. Qc6 Qxd1+ 33.
Kg2 Qe2 34. b4 h5 35. b5 Re5 36. Qc8+ Kh7 37. Qd8 Rf5 38. Nd3 Qf3+ 39. Kg1 Bf6
0-1

[Event "XII Weekend B"]
[Site "Gorgonzola ITA"]
[Date "2007.11.10"]
[Round "1"]
[White "Lanni, Vincenzo"]
[Black "Quagliarella, Sabino Remo"]
[Result "1/2-1/2"]
[WhiteElo "1864"]
[BlackElo "1950"]
[PlyCount "73"]
[EventDate "2007.11.10"]

1. d4 g6 2. g3 d5 3. Bg2 Bg7 4. Nf3 Nf6 5. O-O O-O 6. Nbd2 Nbd7 7. c3 e6 8. Qc2
c5 9. e4 dxe4 10. Nxe4 Nxe4 11. Qxe4 Nf6 12. Qe2 cxd4 13. Nxd4 Nd5 14. Rd1 Qb6
15. Nb3 a5 16. c4 a4 17. cxd5 axb3 18. Be3 Qb4 19. a3 Qa4 20. Rac1 exd5 21.
Bxd5 Bg4 22. f3 Bf5 23. Rc4 Qa6 24. Bd4 Bxd4+ 25. Rdxd4 Rfe8 26. Qd2 Be6 27.
Bxe6 Qxe6 28. Re4 Qb6+ 29. Qf2 Qxf2+ 30. Kxf2 Rxe4 31. Rxe4 Rc8 32. f4 Rc2+ 33.
Re2 Kg7 34. Ke3 Rc6 35. Kf3 Rc2 36. Ke3 Rc6 37. Kf3 1/2-1/2

[Event "XII Weekend B"]
[Site "Gorgonzola ITA"]
[Date "2007.11.10"]
[Round "1"]
[White "Maccarini, Luca Nicola"]
[Black "Primerano, Carlo"]
[Result "1-0"]
[WhiteElo "1884"]
[BlackElo "1761"]
[PlyCount "45"]
[EventDate "2007.11.10"]

1. d4 Nf6 2. Nf3 e6 3. c4 b6 4. Nc3 Bb7 5. Bg5 Bb4 6. Qc2 O-O 7. Nd2 h6 8. Bh4
Bxc3 9. bxc3 d5 10. f3 Nbd7 11. e4 g5 12. Bg3 Re8 13. Bd3 Nf8 14. O-O-O N8d7
15. h4 g4 16. h5 Kf8 17. cxd5 gxf3 18. gxf3 exd5 19. e5 Ng8 20. Bh4 Qb8 21.
Rdg1 c5 22. Bb5 Qc8 23. Qh7 1-0

[Event "XII Weekend B"]
[Site "Gorgonzola ITA"]
[Date "2007.11.10"]
[Round "1"]
[White "Perrotta, Leopoldo"]
[Black "Giallombardo, Federico"]
[Result "0-1"]
[WhiteElo "1877"]
[BlackElo "1544"]
[PlyCount "92"]
[EventDate "2007.11.10"]

1. e4 c5 2. f4 d6 3. Nf3 Nc6 4. Nc3 e6 5. Bc4 Nf6 6. d3 Be7 7. O-O a6 8. a4 O-O
9. Ne2 Qc7 10. Ng3 d5 11. Ba2 dxe4 12. dxe4 Nb4 13. Bc4 Rd8 14. Qe2 Bd7 15. c3
Nc6 16. Ng5 Na5 17. Bd3 c4 18. Bc2 h6 19. e5 Nd5 20. Qh5 Bc5+ 21. Kh1 Rf8 22.
N3e4 Be7 23. Ng3 f5 24. Nf3 Be8 25. Qh3 Bc5 26. Nd4 Bxd4 27. cxd4 Qb6 28. Ne2
Bc6 29. Ra3 Nb4 30. Bb1 Rad8 31. Rg3 Kh7 32. Qh5 Be8 33. Qh4 Bxa4 34. Nc3 Bc6
35. Qe7 Rg8 36. Qxe6 Bxg2+ 37. Rxg2 Qxe6 38. Be3 Nd5 39. Nxd5 Rxd5 40. Rfg1 Nc6
41. h4 Nxd4 42. h5 Nf3 43. Rg6 Qe7 44. Bxf5 Kh8 45. R1g4 Nxe5 46. Re6 Qf7 0-1

[Event "XII Weekend B"]
[Site "Gorgonzola ITA"]
[Date "2007.11.10"]
[Round "1"]
[White "Savarese, Vincenzo"]
[Black "Brunello, Roberta"]
[Result "0-1"]
[WhiteElo "1859"]
[BlackElo "1938"]
[PlyCount "64"]
[EventDate "2007.11.10"]

1. e4 e5 2. Nf3 Nc6 3. d4 exd4 4. Nxd4 Bc5 5. Nxc6 Qf6 6. Qf3 Qxc6 7. Nc3 Ne7
8. Bf4 Bb4 9. Be2 d5 10. O-O Bxc3 11. bxc3 dxe4 12. Qg3 Nf5 13. Qg5 h6 14. Qh5
Qxc3 15. Bxc7 Qxc7 16. Bb5+ Kf8 17. Rad1 Be6 18. Qe2 Nd6 19. Rfe1 Kg8 20. Ba4
Bxa2 21. Bb3 Bxb3 22. cxb3 Kh7 23. Qd2 Rhd8 24. Qf4 Rd7 25. Rc1 Qa5 26. Red1
Rad8 27. Ra1 Qf5 28. Qe3 Nb5 29. Rxd7 Rxd7 30. h3 Rd3 31. Qe2 Rxb3 32. Qc4 Rb2
0-1

[Event "XII Weekend B"]
[Site "Gorgonzola ITA"]
[Date "2007.11.10"]
[Round "1"]
[White "Scarabelli, Maurizio"]
[Black "Santandrea, Marco"]
[Result "1-0"]
[WhiteElo "1902"]
[BlackElo "1837"]
[PlyCount "125"]
[EventDate "2007.11.10"]

1. e4 c6 2. d4 d5 3. e5 c5 4. f4 Nc6 5. c3 cxd4 6. cxd4 Bf5 7. Nc3 e6 8. h3 Bb4
9. Nf3 Rc8 10. g4 Be4 11. Be2 Qa5 12. Be3 Bxf3 13. Bxf3 Bxc3+ 14. bxc3 Qxc3+
15. Kf2 Nge7 16. Rb1 Qa3 17. Qd2 b6 18. Rb3 Qa5 19. Qb2 O-O 20. Be2 a6 21. a4
b5 22. axb5 axb5 23. Rxb5 Rb8 24. Rb1 Rxb5 25. Qxb5 Qxb5 26. Rxb5 g6 27. h4 Ra8
28. Rb6 Rb8 29. Ra6 Rb4 30. Ra8+ Rb8 31. Ra1 Rb4 32. f5 gxf5 33. Bh6 f4 34.
Ra8+ Rb8 35. Rxb8+ Nxb8 36. Bxf4 Kg7 37. h5 h6 38. Bd3 Nbc6 39. Ke3 Ng8 40. Bb5
Nge7 41. Kd3 Na7 42. Ba4 Nac6 43. Bd2 Kh7 44. Bb5 Na7 45. Ba6 Kg7 46. Kc3 Nac6
47. Be3 Ng8 48. Bb5 Nge7 49. Kb3 Na7 50. Ba6 Nec6 51. Ka4 Kh7 52. Bb5 Ne7 53.
Ka5 Nxb5 54. Kxb5 Ng8 55. Kc5 f6 56. Kd6 f5 57. gxf5 exf5 58. Kxd5 Kg7 59. Ke6
Kf8 60. d5 Ke8 61. d6 f4 62. Bxf4 Ne7 63. Bxh6 1-0

[Event "XII Weekend B"]
[Site "Gorgonzola ITA"]
[Date "2007.11.10"]
[Round "1"]
[White "Villalba, Fernando"]
[Black "Acunzo, Domenico"]
[Result "1-0"]
[WhiteElo "1891"]
[BlackElo "1775"]
[PlyCount "69"]
[EventDate "2007.11.10"]

1. d4 e6 2. Nf3 f5 3. Bf4 Nf6 4. h3 d5 5. e3 Bd6 6. Ne5 O-O 7. Be2 Bxe5 8. Bxe5
Nbd7 9. Bh2 Ne4 10. O-O Ndf6 11. Nd2 Nxd2 12. Qxd2 Ne4 13. Qd1 c6 14. c4 Qe7
15. cxd5 exd5 16. Bf3 Bd7 17. a3 a5 18. Be5 Nd6 19. Be2 Nc4 20. Bxc4 dxc4 21.
f4 Be6 22. Rf3 Qh4 23. Kh2 Bd5 24. Rg3 Rf7 25. Qe1 Qe7 26. Rg5 b5 27. g4 Be4
28. gxf5 Bxf5 29. e4 Bc8 30. Qg3 Ra7 31. f5 Qd7 32. Rg1 b4 33. Bxg7 Rxg7 34.
Rxg7+ Qxg7 35. Qb8 1-0

[Event "XII Weekend B"]
[Site "Gorgonzola ITA"]
[Date "2007.11.10"]
[Round "1"]
[White "Virzi, Ettore"]
[Black "Milanesi, Erminio"]
[Result "1-0"]
[WhiteElo "1956"]
[BlackElo "1867"]
[PlyCount "39"]
[EventDate "2007.11.10"]

1. e4 g6 2. d4 Nh6 3. f4 f5 4. Nc3 e6 5. Nf3 Bb4 6. Bd3 O-O 7. O-O Bxc3 8. bxc3
d6 9. d5 exd5 10. exd5 Nf7 11. c4 c5 12. Qd2 h6 13. Bb2 Kh7 14. Qc3 Rg8 15.
Rae1 Bd7 16. Re2 a6 17. Rfe1 b5 18. Re7 Qf8 19. Qf6 Rg7 20. Re8 1-0

[Event "XII Weekend B"]
[Site "Gorgonzola ITA"]
[Date "2007.11.11"]
[Round "2"]
[White "Acunzo, Domenico"]
[Black "Ciciotti, Augusto"]
[Result "0-1"]
[WhiteElo "1775"]
[BlackElo "1877"]
[PlyCount "102"]
[EventDate "2007.11.10"]

1. e4 c5 2. Nf3 d6 3. Be2 Nc6 4. c3 Nf6 5. d4 cxd4 6. cxd4 d5 7. e5 Ne4 8. O-O
Bg4 9. h3 Bh5 10. Bd3 e6 11. g4 Bg6 12. Bxe4 dxe4 13. Ne1 Qxd4 14. Qxd4 Nxd4
15. Nc3 Bb4 16. Be3 Nc6 17. f4 exf3 18. Nxf3 O-O 19. h4 h6 20. h5 Bd3 21. Rf2
Rad8 22. Kh2 Ba5 23. Rg1 Bc7 24. g5 Nxe5 25. Bf4 Nxf3+ 26. Rxf3 Bxf4+ 27. Rxf4
hxg5 28. Rxg5 Kh7 29. Rg3 Bf5 30. Rf2 Rd4 31. Rfg2 Rg8 32. Kg1 g6 33. hxg6+
Rxg6 34. Rxg6 Bxg6 35. Re2 a6 36. a4 Kg7 37. Kf2 Kf6 38. Ke3 Rb4 39. Rd2 Ke5
40. a5 f5 41. Rh2 f4+ 42. Kf3 Bf5 43. Re2+ Kf6 44. Rh2 Bg6 45. Rd2 Kf5 46. Rh2
e5 47. Rd2 Bh5+ 48. Kg2 e4 49. Kh3 Bf7 50. Kh4 e3 51. Rg2 f3+ 0-1

[Event "XII Weekend B"]
[Site "Gorgonzola ITA"]
[Date "2007.11.11"]
[Round "2"]
[White "Arboscelli, Gregorio"]
[Black "Santelli, Francesco"]
[Result "1/2-1/2"]
[WhiteElo "1913"]
[BlackElo "1860"]
[PlyCount "90"]
[EventDate "2007.11.10"]

1. d4 Nf6 2. c4 e5 3. dxe5 Ng4 4. e4 Nxe5 5. Nc3 Bc5 6. Nf3 Nbc6 7. Nxe5 Nxe5
8. Be2 d6 9. O-O Bd7 10. b3 a5 11. Bb2 c6 12. Na4 Qc7 13. Bxe5 Bxf2+ 14. Rxf2
dxe5 15. Nc5 Rd8 16. Nxd7 Rxd7 17. Qc2 O-O 18. Rd1 Rfd8 19. Rxd7 Rxd7 20. Rf1
c5 21. Rd1 Rd4 22. Rxd4 exd4 23. Bd3 Qf4 24. g3 Qe3+ 25. Kg2 g5 26. Qe2 Qc1 27.
e5 Kg7 28. Bc2 h5 29. Bf5 g4 30. e6 fxe6 31. Qe5+ Kf8 32. Qf6+ Ke8 33. Qxe6+
Kf8 34. Qf6+ Ke8 35. Bg6+ Kd7 36. Qf5+ Kd8 37. Qf8+ Kd7 38. Bf5+ Kc6 39. Be4+
Kd7 40. Qf7+ Kd8 41. Bxb7 Qd2+ 42. Qf2 Qd1 43. Be4 Ke7 44. Bd3 Qxd3 45. Qf4
Qc2+ 1/2-1/2

[Event "XII Weekend B"]
[Site "Gorgonzola ITA"]
[Date "2007.11.11"]
[Round "2"]
[White "Bisignano, Giuseppe"]
[Black "Maccarini, Luca Nicola"]
[Result "0-1"]
[WhiteElo "1980"]
[BlackElo "1884"]
[PlyCount "78"]
[EventDate "2007.11.10"]

1. e4 e5 2. Nf3 Nf6 3. Nxe5 d6 4. Nf3 Nxe4 5. d4 d5 6. h3 Bd6 7. Bd3 O-O 8. O-O
Na6 9. a3 c6 10. c4 Nc7 11. c5 Be7 12. Re1 f5 13. Nc3 Ne6 14. Ne5 Bf6 15. Bxe4
fxe4 16. b4 Qc7 17. f4 exf3 18. Nxf3 Nf4 19. Ne5 Bxe5 20. Rxe5 Qf7 21. Be3 Bxh3
22. gxh3 Qg6+ 23. Kf1 Qg2+ 24. Ke1 Nxh3 25. Qe2 Qh1+ 26. Kd2 Qxa1 27. Kc2 Rae8
28. Qh5 Rxe5 29. dxe5 Qf1 30. Qh4 Qf5+ 31. Kb3 Nf4 32. Qe7 Ne6 33. Qxb7 d4 34.
Bxd4 Nxd4+ 35. Kc4 Qxe5 36. b5 Nxb5 37. Nxb5 cxb5+ 38. Kb4 a5+ 39. Kxa5 Qxc5
0-1

[Event "XII Weekend B"]
[Site "Gorgonzola ITA"]
[Date "2007.11.11"]
[Round "2"]
[White "Brunello, Roberta"]
[Black "Chinnici, Giorgio"]
[Result "1-0"]
[WhiteElo "1938"]
[BlackElo "1770"]
[PlyCount "45"]
[EventDate "2007.11.10"]

1. e4 e5 2. Nf3 Nc6 3. d4 exd4 4. Nxd4 Bc5 5. Be3 Qf6 6. c3 Nge7 7. Bc4 Ne5 8.
Be2 Qg6 9. O-O O-O 10. f4 Qxe4 11. Bf2 Qxf4 12. Nb5 Bxf2+ 13. Rxf2 Qe3 14. Nxc7
Rb8 15. Na3 Qb6 16. Nab5 a6 17. Qd6 Qxd6 18. Nxd6 N7c6 19. Raf1 Nd8 20. Nd5 Ne6
21. Ne7+ Kh8 22. Rf5 f6 23. Rxe5 1-0

[Event "XII Weekend B"]
[Site "Gorgonzola ITA"]
[Date "2007.11.11"]
[Round "2"]
[White "Calvi, Gianluca"]
[Black "Coladangelo, Andrea"]
[Result "1/2-1/2"]
[WhiteElo "1901"]
[BlackElo "1809"]
[PlyCount "61"]
[EventDate "2007.11.10"]

1. d4 Nf6 2. c4 g6 3. Nc3 Bg7 4. e4 d6 5. f3 O-O 6. Be3 Nc6 7. a3 a5 8. Bd3 e5
9. d5 Ne7 10. g4 Nd7 11. b4 f5 12. gxf5 gxf5 13. Nge2 f4 14. Bf2 b6 15. Kd2 Ng6
16. h4 h5 17. Ra2 Bf6 18. Qe1 Kh7 19. Nc1 Rg8 20. Bf1 axb4 21. axb4 Rxa2+ 22.
N3xa2 Bb7 23. Bh3 Ndf8 24. Bf5 Kh6 25. Nd3 Nxh4 26. Rxh4 Bxh4 27. Bxh4 Rg2+ 28.
Kc3 Qa8 29. Nac1 Qa1+ 30. Kb3 Qb1+ 31. Ka3 1/2-1/2

[Event "XII Weekend B"]
[Site "Gorgonzola ITA"]
[Date "2007.11.11"]
[Round "2"]
[White "Crippa, Mario"]
[Black "Delledonne, Francesco"]
[Result "0-1"]
[WhiteElo "1901"]
[BlackElo "1837"]
[PlyCount "74"]
[EventDate "2007.11.10"]

1. e4 e5 2. Nf3 Nf6 3. Nc3 Nc6 4. d4 exd4 5. Nxd4 Bc5 6. Nxc6 bxc6 7. Bg5 h6 8.
Bh4 Qe7 9. Bd3 O-O 10. O-O Rb8 11. Kh1 Qe6 12. f4 Bd4 13. f5 Qd6 14. Bg3 Be5
15. Bxe5 Qxe5 16. Na4 d6 17. Qf3 Bd7 18. Rab1 Rb4 19. Nc3 Rfb8 20. Nd1 c5 21.
a3 Ra4 22. Nc3 Ra5 23. Nd5 Nxd5 24. exd5 Rxb2 25. f6 Rxb1 26. Rxb1 g6 27. Bxg6
Rb5 28. Rf1 fxg6 29. f7+ Kf8 30. Qd3 Qg5 31. Qc3 Qe5 32. Qd3 Qg7 33. h4 Rb8 34.
Qe4 Bf5 35. Qe2 Qd4 36. Re1 Qxh4+ 37. Kg1 Kxf7 0-1

[Event "XII Weekend B"]
[Site "Gorgonzola ITA"]
[Date "2007.11.11"]
[Round "2"]
[White "De La Pena, Elmer"]
[Black "Savarese, Vincenzo"]
[Result "0-1"]
[WhiteElo "1919"]
[BlackElo "1859"]
[PlyCount "74"]
[EventDate "2007.11.10"]

1. d4 d5 2. c4 e6 3. Nf3 Nf6 4. Nc3 Nbd7 5. Bf4 dxc4 6. Qa4 Nd5 7. Bg3 Bb4 8.
e3 c6 9. Qc2 b5 10. Be2 O-O 11. O-O Nxc3 12. bxc3 Be7 13. a4 Bb7 14. Rfd1 a6
15. e4 c5 16. d5 exd5 17. exd5 Bf6 18. Rab1 Qa5 19. axb5 axb5 20. Bxc4 b4 21.
Bd3 g6 22. Bd6 Rfc8 23. cxb4 cxb4 24. Bxb4 Qxd5 25. Qe2 Ne5 26. Ne1 Nxd3 27.
Rxd3 Qe4 28. Qd2 Ba6 29. f3 Qf5 30. g4 Qe6 31. Rd6 Qc4 32. Ng2 Be7 33. Rd4 Bxb4
34. Qxb4 Qe2 35. Rf4 Rc2 36. Qb8+ Rxb8 37. Rxb8+ Kg7 0-1

[Event "XII Weekend B"]
[Site "Gorgonzola ITA"]
[Date "2007.11.11"]
[Round "2"]
[White "Giallombardo, Federico"]
[Black "Lanni, Vincenzo"]
[Result "1-0"]
[WhiteElo "1544"]
[BlackElo "1864"]
[PlyCount "103"]
[EventDate "2007.11.10"]

1. d4 g6 2. c4 Bg7 3. Nc3 d6 4. e4 Nf6 5. Be2 O-O 6. Nf3 c6 7. O-O Nbd7 8. Qc2
e5 9. dxe5 dxe5 10. Bg5 Qc7 11. Rfd1 h6 12. Bd2 Re8 13. h3 Nc5 14. Rac1 Nh5 15.
Be3 Na6 16. a3 Be6 17. b4 Rad8 18. Nd2 Nf4 19. Bf1 Bf8 20. c5 Qe7 21. Nf3 Bg7
22. Na4 Nc7 23. Nc3 Bc8 24. Kh2 g5 25. g3 Ng6 26. Bc4 Ne6 27. Ne2 Qf6 28. Kg2
Qe7 29. Rxd8 Rxd8 30. Rd1 Rxd1 31. Qxd1 a6 32. Qd3 Nc7 33. a4 Be6 34. Nd2 Kh7
35. Nc1 Bxc4 36. Nxc4 Ne6 37. Nb3 Bf8 38. Nd6 Qd7 39. Na5 Bxd6 40. Qxd6 Qc8 41.
Nc4 Qd8 42. Nb6 Qxd6 43. cxd6 Ngf8 44. Kf3 Kg6 45. Ke2 Nd4+ 46. Bxd4 exd4 47.
Kd3 Ne6 48. Nc4 b5 49. axb5 cxb5 50. Ne5+ Kf6 51. Nd7+ Kg6 52. Nb8 1-0

[Event "XII Weekend B"]
[Site "Gorgonzola ITA"]
[Date "2007.11.11"]
[Round "2"]
[White "Guerra, Efrain"]
[Black "Agrifoglio, Fabio"]
[Result "0-1"]
[WhiteElo "1900"]
[BlackElo "1989"]
[PlyCount "146"]
[EventDate "2007.11.10"]

1. e4 g6 2. d4 d6 3. Bd3 Bg7 4. Ne2 Nc6 5. c3 e5 6. O-O Nf6 7. Bg5 h6 8. Bh4 g5
9. Bg3 Nh5 10. Bb5 O-O 11. Na3 Nf4 12. Nc2 Bd7 13. Ne3 Nxd4 14. Nxd4 exd4 15.
Bxd7 dxe3 16. fxe3 Nxg2 17. Bf5 Nxe3 18. Qh5 Nxf1 19. Rxf1 Qe7 20. Bf2 c5 21.
h4 d5 22. Be3 Qe5 23. Kg2 Rac8 24. hxg5 Rc6 25. Bf4 Qe8 26. exd5 Rg6 27. d6
Rxd6 28. Bxd6 Qc6+ 29. Rf3 Qxd6 30. Kh3 Qd1 31. gxh6 Qh1+ 32. Kg4 Qg2+ 33. Rg3
Qe2+ 34. Kh4 Qh2+ 35. Bh3 Qf2 36. hxg7 Qf4+ 37. Bg4 Kxg7 38. Qg5+ Qxg5+ 39.
Kxg5 Rd8 40. Bf3 b6 41. Kf5+ Kf8 42. Rg2 Rd3 43. Be4 Rd6 44. c4 Ke7 45. Bd5
Rf6+ 46. Ke5 Rf1 47. Re2 Kd7 48. Be4 f6+ 49. Kd5 Rd1+ 50. Bd3 Rxd3+ 51. Ke4 Rd1
52. Kf5 Rf1+ 53. Ke4 f5+ 54. Ke5 Ke7 55. Rh2 Kf7 56. a3 f4 57. Kf5 f3 58. Kf4
Kf6 59. Rh6+ Kg7 60. Rh2 Kg6 61. b4 f2 62. Rg2+ Kf6 63. Kf3 Ke5 64. bxc5 bxc5
65. Rg4 Rg1 66. Re4+ Kf5 67. Rf4+ Kg5 68. Kxf2 Kxf4 69. Kxg1 Ke4 70. Kf1 Kd3
71. Kf2 Kxc4 72. Ke1 a5 73. a4 Kb3 0-1

[Event "XII Weekend B"]
[Site "Gorgonzola ITA"]
[Date "2007.11.11"]
[Round "2"]
[White "Milanesi, Erminio"]
[Black "Carbone, Lorenzo"]
[Result "1-0"]
[WhiteElo "1867"]
[BlackElo "1755"]
[PlyCount "91"]
[EventDate "2007.11.10"]

1. e4 c5 2. d3 Nc6 3. g3 e6 4. f4 d6 5. Bg2 Nf6 6. Nc3 Be7 7. Nh3 Rb8 8. O-O
Nd4 9. Ne2 Nxe2+ 10. Qxe2 a6 11. g4 g6 12. b3 Rg8 13. Bb2 b5 14. c4 e5 15. fxe5
Nxg4 16. Qf3 Be6 17. Nf4 Nh6 18. Nxe6 fxe6 19. Qh3 Bg5 20. Qxe6+ Qe7 21. Qxe7+
Kxe7 22. exd6+ Kxd6 23. e5+ Ke7 24. Bc1 Bxc1 25. Raxc1 Nf5 26. Rce1 Rbd8 27.
Bd5 Rgf8 28. Rf4 Nd4 29. Rxf8 Rxf8 30. Kg2 Ne6 31. Bxe6 Kxe6 32. cxb5 axb5 33.
Rc1 Kd5 34. e6 Re8 35. Re1 Rxe6 36. Rxe6 Kxe6 37. a4 bxa4 38. bxa4 Kd6 39. Kf3
Kc6 40. Ke4 h5 41. Ke5 g5 42. Kf5 g4 43. Kg5 Kb6 44. Kxh5 Ka5 45. Kxg4 Kxa4 46.
Kf4 1-0

[Event "XII Weekend B"]
[Site "Gorgonzola ITA"]
[Date "2007.11.11"]
[Round "2"]
[White "Murli, Almerico"]
[Black "Scarabelli, Maurizio"]
[Result "1/2-1/2"]
[WhiteElo "1851"]
[BlackElo "1902"]
[PlyCount "66"]
[EventDate "2007.11.10"]

1. e4 c5 2. Nf3 e6 3. d4 cxd4 4. Nxd4 a6 5. Bd3 Qc7 6. O-O Nf6 7. c4 Be7 8. Nc3
d6 9. Be3 Bd7 10. Rc1 O-O 11. Qe2 Nc6 12. Nxc6 bxc6 13. Rfd1 c5 14. f3 Rab8 15.
Qc2 Qb7 16. b3 Bc6 17. Rd2 Rfd8 18. Rcd1 Qc7 19. Bf1 Nd7 20. Bf4 Ne5 21. Bxe5
dxe5 22. Rxd8+ Rxd8 23. Rxd8+ Qxd8 24. Qd3 Qd4+ 25. Qxd4 exd4 26. Nd1 a5 27. a4
h5 28. g3 g6 29. Nb2 h4 30. Kf2 hxg3+ 31. hxg3 f6 32. Nd3 e5 33. Bh3 Kg7
1/2-1/2

[Event "XII Weekend B"]
[Site "Gorgonzola ITA"]
[Date "2007.11.11"]
[Round "2"]
[White "Olivo, Mario"]
[Black "Bertazzoli, Giulio"]
[Result "1/2-1/2"]
[WhiteElo "1887"]
[BlackElo "1809"]
[PlyCount "94"]
[EventDate "2007.11.10"]

1. c4 e6 2. g3 d5 3. cxd5 exd5 4. Bg2 Nf6 5. Nc3 c6 6. d3 Nbd7 7. Nf3 Be7 8.
O-O O-O 9. a3 a5 10. Nd4 Nc5 11. b3 Ne6 12. Nf5 Nc5 13. Nxe7+ Qxe7 14. Be3 Ng4
15. Bd4 Ne6 16. Bb6 Bd7 17. d4 Nf6 18. Na4 Rfe8 19. e3 Ra6 20. Qe1 Rea8 21. f3
Bc8 22. Bxa5 Rxa5 23. Nb6 R5a6 24. Nxa8 Rxa8 25. b4 Nc7 26. e4 Nb5 27. e5 Nd7
28. Qe3 Nb6 29. Qd3 g6 30. g4 Qg5 31. Rfd1 Na4 32. Rd2 Qf4 33. Rad1 Nb6 34. Ra2
Ra4 35. Bf1 Nc4 36. Qb3 Nb6 37. Bxb5 cxb5 38. Rd3 Nc4 39. Kg2 Bd7 40. Qc3 Kg7
41. Qe1 Qg5 42. Kg3 Ra8 43. h4 Qe7 44. Qh1 Rf8 45. h5 Qg5 46. Rh2 f5 47. hxg6
Qxg6 1/2-1/2

[Event "XII Weekend B"]
[Site "Gorgonzola ITA"]
[Date "2007.11.11"]
[Round "2"]
[White "Primerano, Carlo"]
[Black "Cartella, Giovanni"]
[Result "1-0"]
[WhiteElo "1761"]
[BlackElo "1868"]
[PlyCount "135"]
[EventDate "2007.11.10"]

1. d4 d5 2. c4 e6 3. Nc3 c6 4. cxd5 exd5 5. Qc2 Nf6 6. Bg5 Be7 7. e3 O-O 8. Bd3
h6 9. Bh4 Nbd7 10. Nge2 Re8 11. O-O Bd6 12. Bg3 Nb6 13. Rae1 Nh5 14. Bxd6 Qxd6
15. Bf5 Bxf5 16. Qxf5 Nf6 17. Ng3 Qb4 18. Qc2 Nc4 19. Re2 Nd6 20. a3 Qa5 21.
Ra1 Rac8 22. b4 Qc7 23. Na4 g6 24. Rc1 Ng4 25. h3 Nf6 26. Nc5 Kg7 27. Nd3 Nc4
28. Qc3 Nxe3 29. Rce1 Nc4 30. Ne5 b5 31. f4 Nd6 32. Rc1 Nc4 33. Rce1 a5 34. f5
axb4 35. axb4 g5 36. Qf3 Ra8 37. Nh5+ Nxh5 38. Qxh5 Nxe5 39. dxe5 Rf8 40. f6+
Kh7 41. Qg4 Rae8 42. h4 Rg8 43. Qf5+ Kh8 44. e6 Rxe6 45. Rxe6 fxe6 46. Rxe6 Qf4
47. Qxf4 gxf4 48. f7 Rf8 49. Re8 Kg7 50. Re6 Rxf7 51. Rxc6 Rf6 52. Rc5 Rd6 53.
Rxb5 Kf6 54. Kf2 Ke5 55. Kf3 Rg6 56. Rc5 Rg3+ 57. Kf2 Rg4 58. b5 Rxh4 59. b6 f3
60. Rb5 fxg2 61. b7 Rf4+ 62. Kxg2 Rf8 63. b8=Q+ Rxb8 64. Rxb8 Ke4 65. Kf2 Kd3
66. Ke1 d4 67. Kd1 Ke3 68. Rh8 1-0

[Event "XII Weekend B"]
[Site "Gorgonzola ITA"]
[Date "2007.11.11"]
[Round "2"]
[White "Quagliarella, Sabino Remo"]
[Black "Altieri, Danilo Mario"]
[Result "0-1"]
[WhiteElo "1950"]
[BlackElo "1948"]
[PlyCount "86"]
[EventDate "2007.11.10"]

1. d4 d5 2. Nf3 c6 3. Nbd2 e6 4. e4 Nd7 5. Bd3 dxe4 6. Nxe4 Ngf6 7. O-O Nxe4 8.
Bxe4 Nf6 9. Bd3 c5 10. Bb5+ Bd7 11. Qe2 Bxb5 12. Qxb5+ Qd7 13. Qxd7+ Nxd7 14.
Be3 Be7 15. Rad1 O-O 16. c4 cxd4 17. Bxd4 Rfd8 18. Rfe1 Nf6 19. Bc3 Rac8 20. b3
Rxd1 21. Rxd1 b5 22. Ne5 Ne4 23. Bb2 f6 24. Rd7 Bc5 25. Nd3 Bb6 26. Bd4 bxc4
27. bxc4 Rxc4 28. Bxb6 axb6 29. g3 Nc5 30. Rc7 Ra4 31. Nc1 Rb4 32. Kg2 Rb2 33.
a3 Rc2 34. Nd3 Nxd3 35. Rb7 Rxf2+ 36. Kh3 Rb2 37. a4 Rb4 38. Ra7 Nc5 39. a5
bxa5 40. Rxa5 Ne4 41. Ra7 Ng5+ 42. Kg2 Rb2+ 43. Kh1 Nf3 0-1

[Event "XII Weekend B"]
[Site "Gorgonzola ITA"]
[Date "2007.11.11"]
[Round "2"]
[White "Ragoso, Mario"]
[Black "Fuccio, Sergio"]
[Result "0-1"]
[WhiteElo "1877"]
[BlackElo "1778"]
[PlyCount "84"]
[EventDate "2007.11.10"]

1. d4 f5 2. Nf3 Nf6 3. c4 e6 4. a3 a6 5. Bf4 d5 6. cxd5 exd5 7. e3 Nc6 8. Bd3
Bd6 9. Ne5 Bxe5 10. dxe5 Ng4 11. O-O O-O 12. Qb3 Ngxe5 13. Rd1 Nxd3 14. Rxd3
Ne7 15. Bg5 c6 16. Qb4 Re8 17. Qh4 Qd6 18. Nd2 Ng6 19. Qh5 h6 20. Bf4 Qe6 21.
Bg3 Qf6 22. Rd1 Be6 23. Nf3 Bf7 24. Qh3 Re4 25. Nd4 f4 26. exf4 Nxf4 27. Bxf4
Rxf4 28. Qd7 Re8 29. Qxb7 Rxd4 30. Qxa6 Rxd3 31. Qxd3 Qe6 32. h3 Qe2 33. Qd4 c5
34. Qa4 Qxb2 35. Kf1 Qe2+ 36. Kg1 d4 37. Rb1 d3 38. Kh2 c4 39. Qc6 d2 40. Qd7
c3 41. Rb7 Qe5+ 42. g3 Bd5 0-1

[Event "XII Weekend B"]
[Site "Gorgonzola ITA"]
[Date "2007.11.11"]
[Round "2"]
[White "Riboldi, Raffaele"]
[Black "Virzi, Ettore"]
[Result "0-1"]
[WhiteElo "1884"]
[BlackElo "1956"]
[PlyCount "80"]
[EventDate "2007.11.10"]

1. d4 Nf6 2. c4 g6 3. Nc3 Bg7 4. e4 d6 5. Nge2 O-O 6. Ng3 c5 7. d5 a6 8. a4 e6
9. Be2 exd5 10. exd5 Re8 11. O-O Nfd7 12. Bf4 Ne5 13. Qd2 Nbd7 14. Bh6 Nf6 15.
Bxg7 Kxg7 16. h3 h5 17. Qg5 h4 18. Qxh4 Rh8 19. Qg5 Bxh3 20. gxh3 Qd7 21. h4
Qh3 22. Nce4 Nfg4 23. Bxg4 Nxg4 24. Nf5+ Kf8 25. Qe7+ Kg8 26. Qxf7+ Kxf7 27.
Ng5+ Kf6 28. Nxh3 Kxf5 29. Rae1 Ne5 30. f4 Nxc4 31. Re7 Rae8 32. Rfe1 Rxe7 33.
Rxe7 Rxh4 34. Kg2 Nxb2 35. Kg3 Rxh3+ 36. Kxh3 Kxf4 37. a5 Nc4 38. Rxb7 Nxa5 39.
Rb6 Nc4 40. Rxa6 Ke5 0-1

[Event "XII Weekend B"]
[Site "Gorgonzola ITA"]
[Date "2007.11.11"]
[Round "2"]
[White "Rossi, Giampiero"]
[Black "Villalba, Fernando"]
[Result "1-0"]
[WhiteElo "1991"]
[BlackElo "1891"]
[PlyCount "37"]
[EventDate "2007.11.10"]

1. d4 d5 2. c4 c6 3. cxd5 Qxd5 4. Nc3 Qd8 5. Nf3 Nf6 6. Bf4 g6 7. e3 Bg7 8. Bd3
O-O 9. h3 Nbd7 10. O-O Nb6 11. Qe2 Nbd5 12. Bh2 Nxc3 13. bxc3 b6 14. Rac1 Bb7
15. Ne5 Nd7 16. Nc4 Ba6 17. Qb2 Bxc4 18. Bxc4 c5 19. Be2 {...} 1-0

[Event "XII Weekend B"]
[Site "Gorgonzola ITA"]
[Date "2007.11.11"]
[Round "2"]
[White "Santandrea, Marco"]
[Black "Perrotta, Leopoldo"]
[Result "1-0"]
[WhiteElo "1837"]
[BlackElo "1877"]
[PlyCount "39"]
[EventDate "2007.11.10"]

1. e4 c5 2. c3 d6 3. d4 b6 4. dxc5 bxc5 5. Qd5 Nf6 6. Qxa8 Qc7 7. Bb5+ Kd8 8.
e5 Bb7 9. Qxa7 dxe5 10. Nf3 e4 11. Ng5 e6 12. Nxf7+ Ke7 13. Nxh8 e3 14. Bxe3
Nfd7 15. Nd2 g6 16. Ne4 Bg7 17. Nxg6+ hxg6 18. Nxc5 Kf7 19. Bxd7 Nxd7 20. Qxb7
1-0

[Event "XII Weekend B"]
[Site "Gorgonzola ITA"]
[Date "2007.11.11"]
[Round "3"]
[White "Agrifoglio, Fabio"]
[Black "Brunello, Roberta"]
[Result "0-1"]
[WhiteElo "1989"]
[BlackElo "1938"]
[PlyCount "118"]
[EventDate "2007.11.10"]

1. g3 d5 2. Nf3 Nf6 3. Bg2 c6 4. O-O Nbd7 5. d3 e5 6. Nbd2 Bc5 7. Nb3 Bb6 8. h3
O-O 9. c3 Re8 10. Qc2 Nf8 11. d4 Ng6 12. dxe5 Nxe5 13. Nxe5 Rxe5 14. Bf4 Bf5
15. Qd1 Re8 16. Nd4 Be4 17. Bg5 Qd6 18. e3 Bxg2 19. Kxg2 Ne4 20. Bf4 Qf6 21. h4
h6 22. Qg4 Kf8 23. Rad1 Nc5 24. Nf5 Ne6 25. Bd6+ Kg8 26. c4 g6 27. Nxh6+ Kh7
28. cxd5 cxd5 29. h5 Kxh6 30. hxg6 Qxg6 31. Rh1+ Kg7 32. Qa4 Qe4+ 33. Qxe4 dxe4
34. Be5+ Kg6 35. Rh4 f6 36. Bc3 Nc5 37. Rdh1 Rg8 38. Rh6+ Kf7 39. Rxf6+ Ke8 40.
Rh7 Rd8 41. b4 Rd7 42. Rh8 Rxh8 43. bxc5 Bxc5 44. Rf5 Rh6 45. Rxc5 Ra6 46. Rc4
Rxa2 47. Rxe4+ Re7 48. Rb4 Rxe3 49. Bd4 Re7 50. g4 a5 51. Rb5 a4 52. g5 Re4 53.
Ba7 a3 54. Kf3 Ra4 55. Re5+ Kf7 56. Bc5 Rc2 57. Re7+ Kg6 58. Be3 a2 59. Kg3
a1=Q 0-1